Загрузка...
Venalil pookunna maram
| Главный автор: | |
|---|---|
| Формат: | Printed Book |
| Опубликовано: |
Kottayam, SPCS
1979
|
| LEADER | 004000000a22001210004500 | ||
|---|---|---|---|
| 040 | |a MAL | ||
| 082 | |a A301 SRE4/V L9 | ||
| 100 | |a Sreedharan, Perumbadavam | ||
| 245 | |a Venalil pookunna maram | ||
| 260 | |a Kottayam, SPCS | ||
| 260 | |c 1979 | ||
| 999 | |c 23290 |d 23290 | ||
| 952 | |0 1 |1 0 |4 1 |6 A_301_000000000000000_SRE4_V_L9 |7 0 |8 MAL |9 23112 |a MGUL |b MGUL |d 2013-07-16 |l 4 |o A301 SRE4/V L9 |p 18141 |r 2016-06-16 |s 2016-05-28 |w 2013-07-16 |y BK | ||